|
|
|
|
| LEADER |
00654cam a2200217 a 4500 |
| 001 |
0000055218 |
| 005 |
20010607090000.0 |
| 040 |
|
|
|a mod
|
| 041 |
|
|
|a eng
|
| 020 |
0 |
0 |
|a 0333567552
|
| 090 |
0 |
0 |
|a 321.8
|b WEA
|
| 100 |
1 |
0 |
|a Weale
|h Albert
|
| 245 |
1 |
0 |
|a Democracy
|c Albert Weale
|
| 260 |
0 |
0 |
|a London
|b MacMillan
|c 1999
|
| 300 |
0 |
0 |
|a viii, 236p.
|b ill.
|c 22cm
|
| 500 |
0 |
0 |
|a Includes bibliographical references and index
|
| 650 |
0 |
0 |
|a Democracy
|
| 650 |
0 |
0 |
|a Political science
|
| 852 |
0 |
0 |
|a 01
|
| 999 |
|
|
|a 0173700
|b KEMENTAH
|d BOOKS
|e Umum
|f Perpustakaan KEMENTAH
|j AVAILABLE
|q GOOD CONDITION
|
| 999 |
|
|
|a 0173701
|b KEMENTAH
|d BOOKS
|e Umum
|f Perpustakaan KEMENTAH
|j WEEDED
|q GOOD CONDITION
|